| 000 | 00821nam a22002297a 4500 | ||
|---|---|---|---|
| 999 |
_c7141 _d7141 |
||
| 003 | AR-CdUCM | ||
| 008 | 190320b ||||| |||| 00| 0 spa d | ||
| 040 |
_aMUNICIPALIDAD PROVINCIAL DEL CUSCO _cBIBLIOTECA MUNICIPAL DEL CUSCO |
||
| 082 |
_a335.4 / _bL98 |
||
| 100 |
_aLuxemburgo, Rosa _96177 |
||
| 245 | _aLa comuna de Berlín / | ||
| 260 |
_aMexico : _bGrijalbo, _c1971. |
||
| 300 |
_a158 páginas ; _c18 cm. |
||
| 440 |
_aColección 70 _n97 _920134 |
||
| 505 | _aEl congreso de la liga Spartakus -- Testamentos políticos de Rosa Luxemburgo -- Contra la privación de libertar -- Partido comunista Alemán... | ||
| 650 |
_aRosa Luxemburgo. _920135 |
||
| 650 |
_aAsamblea constituyente. _920136 |
||
| 650 |
_aProblema sindical. _920137 |
||
| 700 |
_aLiebknecht, Carlos _920138 |
||
| 942 |
_2ddc _cLIBROS |
||
| 945 | _awfj | ||